00525cam a22001457a 4500082003000000100002500030245006100055260006000116300002400176526003700200650001300237942001200250999001900262952009800281 a624.1762bWREcL-15, P-74 aCameron, c.m.94299800aAbstract journal in Earthquake engineeringbC.m. cameron aNational information servicebJ. zerneke, miseecc1993. axii, 327 p.c30 cm. a0b0c0d624_176200000000000_WRE aMCE9379 2ddccBK c546807d546807 00102ddc4070aMCEbMCEd2014-06-19l0o624.1762 WREpMCE-28451r2014-06-19w2021-03-14yBK